Museo de bellas artes de Budapest
Saved in:
| Main Author: | |
|---|---|
| Format: | Book |
| Language: | Spanish |
| Published: |
Madrid
Codex
1967
|
| Edition: | 1a. ed |
| Series: | El Mundo de los Museos
|
| Subjects: | |
| Tags: |
Add Tag
No Tags, Be the first to tag this record!
|
MARC
| LEADER | 00000cam a2200000 a 4500 | ||
|---|---|---|---|
| 001 | UCZ3682 | ||
| 003 | CL-VaPUC | ||
| 008 | 951027e19670000SP |||||||||||||||||spa|d | ||
| 082 | 0 | 4 | |a 708.3912 |b GAR |2 21 |
| 100 | 0 | |a Garas, Klara |e author |9 347514 | |
| 245 | 1 | 0 | |a Museo de bellas artes de Budapest |
| 250 | |a 1a. ed | ||
| 300 | |a 86 p | ||
| 942 | |c BK | ||
| 945 | |d 19951027 00:00:00 |a rleighto | ||
| 260 | |a Madrid |b Codex |c 1967 | ||
| 650 | 0 | |a Bellas artes |9 334299 | |
| 650 | 0 | |a Artes decorativas |9 266306 | |
| 650 | 0 | |a Museos |9 269209 | |
| 650 | 7 | |a CUADROS |2 CL-VaPUC |9 347515 | |
| 650 | 0 | |a Pintores |9 265963 | |
| 650 | 0 | |a Pintura |9 265046 | |
| 650 | 0 | |a Obras de arte |9 337253 | |
| 650 | 7 | |a EXPOSICIONES ARTISTICAS |2 CL-VaPUC |9 347493 | |
| 651 | 7 | |a BUDAPEST |2 CL-VaPUC |9 347516 | |
| 651 | 7 | |a HUNGRIA |2 CL-VaPUC |9 336650 | |
| 583 | |a last modification |c 20160704 11:24:55 |k Rodrigo Vera | ||
| 490 | 0 | |a El Mundo de los Museos | |
| 999 | |c 240132 |d 240130 | ||
| 952 | |0 0 |1 0 |4 0 |6 708_391200000000000_GAR_1967 |7 0 |8 A |9 251770 |a BIBARQ |b BIBARQ |d 2019-11-18 |i 3145492 |o 708.3912 GAR 1967 |p 3145492 |r 2025-01-20 |w 2019-11-18 |y BK |k ARQ | ||
| 952 | |0 0 |1 0 |3 erb |4 0 |6 708_391200000000000_GAR_1967 |7 0 |8 A |9 251771 |a FDOHBE |b FDOHBE |e Huesbe Llanos, Marco Antonio, 1934- |i 5334217 |o 708.3912 GAR 1967 |p 5334217 |r 2024-01-30 |w 2019-11-18 |y BK |z Catalogado en:20160708 |k HBE | ||